| 000 | 00593cam a22002411 4500 | ||
|---|---|---|---|
| 001 | sa 66000380 | ||
| 003 | DLC | ||
| 005 | 20260227112214.0 | ||
| 008 | 940602s1963 ii b 000 0 kano | ||
| 010 | _asa 66000380 | ||
| 025 | _aPL480:I-Kan-525 | ||
| 035 | _a(OCoLC)30538582 | ||
| 040 |
_aDLC _cCU _dCU _dDLC |
||
| 042 | _apremarc | ||
| 050 | 0 | 0 |
_aJC273 _b.K67 |
| 100 | 1 | _aKr̥ṣṇarāv, H. | |
| 245 | 1 | 0 | _aRājyatatva. |
| 260 | _c1963. | ||
| 300 |
_axii, 540, iii p. _c19 cm. |
||
| 500 | _aIn Kannada. | ||
| 504 | _aBibliography: p.[i]-iii (last group) | ||
| 650 | 0 | _aState, The. | |
| 999 |
_c67210 _d67210 |
||